Central Library OPAC University of Rajshahi

বাংলাদেশের মন্দির / (Record no. 62658)

MARC details
000 -LEADER
fixed length control field 00918nam a2200253 a 4500
001 - CONTROL NUMBER
control field 62658
003 - CONTROL NUMBER IDENTIFIER
rucl marc code BD-RjUL
005 - DATE AND TIME OF LATEST TRANSACTION
control field 20211209081117.0
008 - FIXED-LENGTH DATA ELEMENTS--GENERAL INFORMATION
fixed length control field 170125s1987 bbga|||| |||| 00| 0 ben d
020 ## - INTERNATIONAL STANDARD BOOK NUMBER
Terms of availability : Tk. 25.00
035 ## - SYSTEM CONTROL NUMBER
System control number (BD-RjUL)62784
040 ## - CATALOGING SOURCE
Original cataloging agency BD-RjUL
Language of cataloging ben
Transcribing agency BD-RjUL
041 ## - LANGUAGE CODE
Language code of text/sound track or separate title ben
082 ## - DEWEY DECIMAL CLASSIFICATION NUMBER
Edition number 23
Classification number 726.1095492
Author mark and year CHB 1987
100 ## - MAIN ENTRY--PERSONAL NAME
Personal name চক্রবর্তী, রতন লাল
9 (RLIN) 186290
245 10 - TITLE STATEMENT
Title বাংলাদেশের মন্দির /
Statement of responsibility, etc. রতন লাল চক্রবর্তী
260 ## - PUBLICATION, DISTRIBUTION, ETC. (IMPRINT)
Place of publication, distribution, etc. ঢাকা :
Name of publisher, distributor, etc. বাংলা একাডেমী',
Date of publication, distribution, etc. ১৯৮৭
300 ## - PHYSICAL DESCRIPTION
Pagination ৯৮ পৃ. :
Illustrations চিত্র ;
Size ২৩ সেমি.
490 ## - SERIES STATEMENT
Series statement বাএ ;
Volume/sequential designation ১৯৮৫
650 ## - SUBJECT ADDED ENTRY--TOPICAL TERM
Topical term or geographic name as entry element মন্দির
Geographic subdivision বাংলাদেশ
9 (RLIN) 178124
Topical term or geographic name as entry element Temples
Geographic subdivision Bangladesh
9 (RLIN) 186291
830 ## - SERIES ADDED ENTRY--UNIFORM TITLE
Uniform title বাএ ;
Volume number/sequential designation ১৯৮৫
942 ## - ADDED ENTRY ELEMENTS (KOHA)
Source of classification or shelving scheme Dewey Decimal Classification
Koha item type Books
Holdings
Lost status Source of classification or shelving scheme Damaged status Not for loan Collection code Permanent Location Current Location Shelving location Date acquired Source of acquisition Cost, normal purchase price Total Checkouts Full call number Date last seen Copy number Koha item type
  Dewey Decimal Classification   Not For Loan Non-fiction Central Library, University of Rajshahi Central Library, University of Rajshahi Reading Room 25/06/1990 Bangla Academy, Dhaka 25.00   B 726.1095492 CHB 1987 25/01/2017 C-1 Books